Loss models from data to decisions

Salvato in:
Dettagli Bibliografici
Autore principale: Klugman, Stuart A.
Altri autori: Panjer, Harry H., Willmot, Gordon E.
Natura: Libro
Lingua:inglese
Pubblicazione: Hoboken John Wiley & Sons, Inc. 2008
Edizione:3rd ed.
Serie:Wiley series in probability and statistics
Soggetti:
Tags: Aggiungi Tag
Nessun Tag, puoi essere il primo ad aggiungerne!!

MARC

LEADER 00000nam a2200000 4500
001 0134858
005 20240226124343.0
020 |a 978-0-470-18781-4 
041 0 |a eng 
044 |a US 
245 1 0 |a Loss models  |b from data to decisions  |c Stuart A. Klugman, Harry H. Panjer, Gordon E. Willmot 
250 |a 3rd ed. 
264 1 |a Hoboken  |b John Wiley & Sons, Inc.  |c 2008 
300 |a xix, 726 s. 
490 1 |a Wiley series in probability and statistics 
830 0 |a Wiley series in probability and statistics 
610 2 0 |a metódy štatistické 
610 2 0 |a modely matematické 
610 2 0 |a modely matematicko-štatistické 
610 2 0 |a štatistika matematická 
610 2 0 |a poistenie 
100 1 |a Klugman, Stuart A. 
700 1 |a Panjer, Harry H. 
700 1 |a Willmot, Gordon E.